Vine's expository dicationary of biblical words. (Record no. 1622)

000 -LEADER
fixed length control field 00589nam a2200193 a 4500
001 - CONTROL NUMBER
control field :::00017807$&:&@@
003 - CONTROL NUMBER IDENTIFIER
control field OkBaRHE
005 - DATE AND TIME OF LATEST TRANSACTION
control field 20100326171823.0
008 - FIXED-LENGTH DATA ELEMENTS--GENERAL INFORMATION
fixed length control field j 000 0 eng u
020 ## - INTERNATIONAL STANDARD BOOK NUMBER
International Standard Book Number 0840775598
040 ## - CATALOGING SOURCE
Transcribing agency
100 1# - MAIN ENTRY--PERSONAL NAME
Personal name Vines, W. E.
9 (RLIN) 201
245 10 - TITLE STATEMENT
Title Vine's expository dicationary of biblical words.
260 ## - PUBLICATION, DISTRIBUTION, ETC. (IMPRINT)
Place of publication, distribution, etc Nashville
Name of publisher, distributor, etc Thomas Nelson Publishers
300 ## - PHYSICAL DESCRIPTION
Extent p. 755
700 ## - ADDED ENTRY--PERSONAL NAME
Personal name Unger, Merrill F.; White, William
9 (RLIN) 202
942 ## - ADDED ENTRY ELEMENTS (KOHA)
Source of classification or shelving scheme
Koha item type Books
Copies
Permanent Location Full call number Source of classification or shelving scheme Damaged status Date last seen Date acquired Collection code Lost status Barcode Copy number Koha item type Shelving location Price effective from Withdrawn status Not for loan
RHEMA Bible Training CollegeBS 537 .E96  2011-12-022010-04-14Reference 178071BooksGeneral Stacks2010-04-14